Monolitická železobetónová konštrukcia

Saved in:
Bibliographic Details
Main Author: Pisár, Matúš (Author)
Other Authors: Kormošová, Ľudmila (Thesis advisor)
Format: Manuscript Book
Language:Slovak
Published: 2024
Subjects:
Online Access:http://is.stuba.sk/zp/portal_zp.pl?podrobnosti=167500
https://opac.crzp.sk/?fn=detailBiblioForm&sid=E866CA411CD4E51494BE8769BB2C
Tags: Add Tag
No Tags, Be the first to tag this record!

MARC

LEADER 00000ntm a22000003a 4500
001 stuzp99443
003 SK-STU
005 20240925105151.6
007 ta
008 150427s2015----xo-----f-mn---000-0-slo-d
040 |a STU  |b slo 
041 0 |a slo 
100 1 |a Pisár, Matúš  |u 010110  |4 aut  |U SvF Stavebná fakulta  |T SvF Katedra betónových konštrukcií a mostov  |X 114882  |U V110  |Y 11  |7 114882 
242 0 1 |a Monolithic reinforced concrete construction  |y eng 
245 1 0 |a Monolitická železobetónová konštrukcia 
260 |c 2024 
650 4 |a bezprievlakový strop  |2 slo 
650 4 |a pretlačenie  |2 slo 
650 4 |a výstuž  |2 slo 
650 4 |a železobetón  |2 slo 
650 4 |a reinforcement  |2 eng 
650 4 |a reinforced concrete  |2 eng 
650 4 |a punching  |2 eng 
650 4 |a flat slab  |2 eng 
700 1 |a Kormošová, Ľudmila  |u 010110  |k Z2  |4 ths  |U SvF Stavebná fakulta  |T SvF Katedra betónových konštrukcií a mostov  |X 55138  |U V110  |Y 11  |7 55138 
856 4 |u http://is.stuba.sk/zp/portal_zp.pl?podrobnosti=167500 
856 4 |u https://opac.crzp.sk/?fn=detailBiblioForm&sid=E866CA411CD4E51494BE8769BB2C